English 3§, Inglés 3er Año de Enseñanza Media: Texto para el Estudiante

Saved in:
Bibliografiske detaljer
Main Authors: Basile, Adriana (Author), Czajka, Paula (Author)
Format: Bog
Sprog:engelsk
Udgivet: Santiago Richmond Publishing 2008
Fag:
Tags: Tilføj Tag
Ingen Tags, Vær først til at tagge denne postø!

MARC

LEADER 00000nam a2200000 a 4500
001 UCG0089
003 CL-VaPUC
008 100312e20080000CL |||||||||||||||||eng|d
020 |a 9789561515055 
082 0 4 |a 420.712  |b BAS  |2 21 
100 0 |a Basile, Adriana  |e author  |9 547469 
700 0 |a Czajka, Paula  |e author  |9 547470 
245 1 0 |a English 3§, Inglés 3er Año de Enseñanza Media: Texto para el Estudiante 
300 |a 112 p 
942 |c BK 
945 |d 20100312 00:00:00  |a rbrito 
260 |a Santiago  |b Richmond Publishing  |c 2008 
650 0 |a Enseñanza del inglés  |9 367340 
650 0 |a Comprensión   |9 339377 
650 0 |a Métodos de enseñanza  |9 270413 
650 0 |a Enseñanza de idiomas  |9 339820 
583 |a last modification  |c 20121105 03:12:34  |k Rodrigo Vera 
999 |c 339840  |d 339838 
952 |0 0  |1 0  |4 0  |6 420_712000000000000_BAS_2008  |7 0  |8 P  |9 434061  |a BIBEDU  |b BIBEDU  |c BIBEDU_PB  |d 2019-11-22  |i 4639006  |o 420.712 BAS 2008  |p 4639006  |r 2024-01-25  |w 2019-11-22  |y BK  |k EPE